000 00480nam a2200157 i 4500
001 43408
003 ES-MaACL
005 20230906160802.0
007 t|
008 030317s1958 sp ||||1| spa d
100 1 _aCastro Montaner, Ramón.
_936937
245 1 0 _aCrónica negra
_b: célebres casos criminales /
_crecopilados y narrados por Ramón Castro Montaner.
260 _aBarcelona :
_bMateu,
_c[1958]
300 _a488 p. ;
_c21 cm.
852 _aES-MaACL
_jC-14852
_bR.42160
999 _c43408
_d43408